| 000 | 00586nam a2200205 u 4500 | ||
|---|---|---|---|
| 005 | 20240228064336.0 | ||
| 008 | 190227s2008 ag r 000 0 spa d | ||
| 020 | _a9789872345167 | ||
| 035 | _aUPN01000229306 | ||
| 049 | _aI | ||
| 050 | 4 |
_aPZ74.9 _bB3.63 |
|
| 100 | 1 |
_aBasch, Adela, _d1946- _931827 |
|
| 245 | 1 | 0 |
_aPincel y papel / _cAdela Basch ; il. Valeria Cis. |
| 260 |
_aBuenos Aires : _bAbran Cancha, _c2008. |
||
| 300 |
_a[24] p. : _bil. col. |
||
| 440 | 0 |
_aLetras de cambio ; _v1 |
|
| 650 | 4 |
_aLibros y lectura para niƱos _92290 |
|
| 905 | _aInfantil | ||
| 999 |
_c201401 _d201401 |
||